000 00666cam a22002171 4500
001 9287544
005 20180215031712.0
008 770907s1948 nyua b 000 0 eng c
010 _aagr48000530
035 _a(OCoLC)3248256
040 _aU.S. Dept. of Agr., Libr.
_cOC
_dNcRS
_dDLC
041 _aeng
080 _a636.085 MOR
082 _a636.085 MOR
100 1 _a10
101 _aNUT
245 1 0 _aFeeds and feeding;
_cby Frank B. Morrison, assisted by Elsie B. Morrison [and others]
504 _a"References" at end of each chapter.
906 _a7
_bcbc
_coclcrpl
_du
_encip
_f19
_gy-gencatlg
942 _2ddc
_cBK
999 _c42547
_d42547